ਪ੍ਰਗੀਤ ਨਾਦ (Record no. 98098)
[ view plain ]
| 000 -LEADER | |
|---|---|
| fixed length control field | 00552nam a22001937a 4500 |
| 005 - DATE AND TIME OF LATEST TRANSACTION | |
| control field | 20151105125143.0 |
| 010 ## - LCCN (DPL NO) | |
| LC control number | PUN-7779 |
| 020 ## - INTERNATIONAL STANDARD BOOK NUMBER | |
| International Standard Book Number | 9789350179246X |
| Terms of availability | 130.00 |
| 035 ## - SYSTEM CONTROL NUMBER | |
| System control number | PN-6897 |
| 037 ## - SOURCE OF ACQUISITION | |
| Stock number | unistar books |
| 082 ## - DEWEY DECIMAL CLASSIFICATION NUMBER | |
| Classification number | 851 |
| 100 ## - MAIN ENTRY--PERSONAL NAME | |
| Personal name | ਵਿਰਕ,ਸਰਬਜੀਤ ਸਿੰਘ |
| 245 ## - TITLE STATEMENT | |
| Title | ਪ੍ਰਗੀਤ ਨਾਦ |
| 246 ## - VARYING FORM OF TITLE | |
| Title proper/short title | Parageet naad |
| Remainder of title | by Sarabjit Singh Virk |
| 250 ## - EDITION STATEMENT | |
| Edition statement | 2012 |
| 260 ## - PUBLICATION, DISTRIBUTION, ETC. (IMPRINT) | |
| Place of publication, distribution, etc | Chandigarh |
| Name of publisher, distributor, etc | Unistar Books |
| 300 ## - PHYSICAL DESCRIPTION | |
| Extent | Pg.87 |
| Other physical details | 22cmਸਜਿਲਦ |
| 942 ## - ADDED ENTRY ELEMENTS (KOHA) | |
| Source of classification or shelving scheme | Dewey Decimal Classification |
| Item type | Punjabi Bks |
| Classification part | 851 |
| Call number prefix | ਵਿਰਕ |
No items available.
